[Event "SC Rochade Emsdetten 3 - SC Falke Saerb"]
[Site "Verbandsklasse 2018/2019"]
[Date "2018.11.17"]
[Round "3.1"]
[White "Vos, Thomas"]
[Black "Bahr, Maximilian"]
[Result "1-0"]
[WhiteElo "2063"]
[BlackElo "1698"]
[PlyCount "57"]
[EventDate "2018.??.??"]
[SourceDate "2018.10.06"]

1. b3 d6 2. Bb2 e5 3. e3 Nc6 4. Nf3 Nf6 5. d4 exd4 6. Nxd4 Ne5 7. Be2 Be7 8.
Nc3 a6 9. Qd2 Bd7 10. f4 Ng6 11. O-O-O b5 12. Bf3 Rc8 13. Nc6 Bxc6 14. Bxc6+
Nd7 15. Nd5 O-O 16. g4 Nf6 17. g5 Nxd5 18. Qxd5 h6 19. h4 h5 20. Qf3 Rb8 21.
Qxh5 Qc8 22. Qf3 Qf5 23. Be4 Qd7 24. h5 Nh8 25. h6 f6 26. Bd5+ Kh7 27. hxg7+
Kxg7 28. Rh7+ Kxh7 29. Qh5+ 1-0

[Event "SC Rochade Emsdetten 3 - SC Falke Saerb"]
[Site "Verbandsklasse 2018/2019"]
[Date "2018.11.17"]
[Round "3.2"]
[White "Gerighausen, Karl Heinz"]
[Black "Hegemann, Eike"]
[Result "0-1"]
[WhiteElo "1656"]
[BlackElo "1958"]
[PlyCount "58"]
[EventDate "2018.??.??"]
[SourceDate "2018.10.06"]

1. e4 c5 2. Nf3 d6 3. Bb5+ Bd7 4. Bxd7+ Qxd7 5. c4 Nc6 6. d4 cxd4 7. Nxd4 Nf6
8. Nc3 g6 9. f3 Bg7 10. Be3 O-O 11. O-O Ne5 12. b3 e6 13. Qd2 Rfd8 14. Rfd1 d5
15. exd5 exd5 16. cxd5 Nxd5 17. Nxd5 Qxd5 18. Rac1 Rd7 19. Ne2 Qe6 20. Qc2
Nxf3+ 21. Kf2 Rxd1 22. Rxd1 Nxh2 23. Bf4 Ng4+ 24. Kf3 Re8 25. Rd6 Ne5+ 26. Bxe5
Qxe5 27. Qd3 Qh5+ 28. Kf2 Rxe2+ 29. Qxe2 Qc5+ 0-1

[Event "SC Rochade Emsdetten 3 - SC Falke Saerb"]
[Site "Verbandsklasse 2018/2019"]
[Date "2018.11.17"]
[Round "3.3"]
[White "Fischer, Andreas"]
[Black "Colmer, Willi"]
[Result "1/2-1/2"]
[WhiteElo "1923"]
[BlackElo "1782"]
[PlyCount "38"]
[EventDate "2018.??.??"]
[SourceDate "2018.10.06"]

1. e4 c5 2. Nf3 g6 3. d4 Bg7 4. Be2 cxd4 5. Nxd4 Nc6 6. Be3 Nf6 7. Nc3 O-O 8.
O-O d5 9. exd5 Nb4 10. Qd2 Nbxd5 11. Nxd5 Nxd5 12. Bh6 e5 13. Bxg7 Kxg7 14. Nf3
Nf4 15. Qe3 Nxe2+ 16. Qxe2 f6 17. Rfd1 Qc7 18. Rd2 Bf5 19. c3 Rfd8 1/2-1/2

[Event "SC Rochade Emsdetten 3 - SC Falke Saerb"]
[Site "Verbandsklasse 2018/2019"]
[Date "2018.11.17"]
[Round "3.4"]
[White "Fehlings, Gerd"]
[Black "Kipp, Lucas"]
[Result "0-1"]
[WhiteElo "1772"]
[BlackElo "1917"]
[PlyCount "98"]
[EventDate "2018.??.??"]
[SourceDate "2018.10.06"]

1. Nf3 d5 2. c4 e6 3. g3 Nf6 4. Bg2 Be7 5. O-O O-O 6. b3 c6 7. d4 Nbd7 8. Qc2
Re8 9. Bb2 Nf8 10. Nbd2 b6 11. e4 Bb7 12. Rac1 Rc8 13. c5 dxe4 14. Nxe4 Nd5 15.
Rfd1 Nd7 16. Ne5 Qc7 17. Nxd7 Qxd7 18. a3 Rcd8 19. Nc3 Bg5 20. Rb1 Bf6 21. Nxd5
exd5 22. b4 b5 23. Re1 Bc8 24. Qd2 Qf5 25. Bf1 Kf8 26. Bd3 Qf3 27. Be2 Qf5 28.
Bd3 Qh5 29. Be2 Bg4 30. Bxg4 Qxg4 31. Kg2 h5 32. h3 Qf5 33. Rbd1 g5 34. Rxe8+
Rxe8 35. Re1 Rxe1 36. Qxe1 Qd3 37. Qc3 Qe4+ 38. Qf3 g4 39. hxg4 hxg4 40. Qxe4
dxe4 41. Kf1 Ke7 42. Ke2 Bg5 43. d5 cxd5 44. Be5 Bc1 45. a4 bxa4 46. b5 a3 47.
b6 axb6 48. cxb6 Bb2 49. Bd6+ Kxd6 0-1

[Event "SC Rochade Emsdetten 3 - SC Falke Saerb"]
[Site "Verbandsklasse 2018/2019"]
[Date "2018.11.17"]
[Round "3.5"]
[White "Hoge, Reinhard"]
[Black "Hoppe, Nico"]
[Result "1-0"]
[WhiteElo "1902"]
[BlackElo "1652"]
[PlyCount "129"]
[EventDate "2018.??.??"]
[SourceDate "2018.10.06"]

1. c4 Nf6 2. g3 g6 3. Bg2 Bg7 4. Nc3 O-O 5. Nf3 c5 6. d4 Na6 7. O-O b6 8. d5 d6
9. e4 Nc7 10. a4 a6 11. Re1 Bg4 12. Qc2 Rb8 13. e5 Nfe8 14. Bf4 Bxf3 15. Bxf3
dxe5 16. Bxe5 Nd6 17. Bxg7 Kxg7 18. Qe2 Re8 19. Rad1 Nf5 20. Bg2 Kg8 21. Ne4
Nd4 22. Qd2 f5 23. Ng5 e6 24. dxe6 Ndxe6 25. Rxe6 Nxe6 26. Bd5 Qf6 27. Re1 Rbd8
28. Rxe6 Rxe6 29. Nxe6 Rd6 30. Nxc5+ Kg7 31. Nxa6 Rd8 32. Nc7 Qe5 33. Nb5 Re8
34. Qd4 Qxd4 35. Nxd4 Re1+ 36. Kg2 Rb1 37. b3 Kf6 38. h4 h6 39. Kf3 g5 40.
hxg5+ hxg5 41. Ke3 Re1+ 42. Kd2 Rf1 43. Ke2 Rb1 44. f3 Rg1 45. Kf2 Rb1 46. g4
fxg4 47. fxg4 Ke5 48. Ke3 Re1+ 49. Ne2 Rb1 50. Nd4 Re1+ 51. Kd2 Rf1 52. Nc6+
Kf4 53. Be6 Rf3 54. Kc2 Rg3 55. Bf5 Rg2+ 56. Kc3 Rg3+ 57. Kb4 Rxg4 58. Bxg4
Kxg4 59. Kc3 Kf4 60. Kd3 g4 61. Nd4 Ke5 62. Ne2 Kd6 63. Kd4 Kc6 64. b4 Kd6 65.
b5 1-0

[Event "SC Rochade Emsdetten 3 - SC Falke Saerb"]
[Site "Verbandsklasse 2018/2019"]
[Date "2018.11.17"]
[Round "3.6"]
[White "Schmidt, Frank"]
[Black "Fayazi, Shahriar"]
[Result "1/2-1/2"]
[WhiteElo "1568"]
[BlackElo "1870"]
[PlyCount "57"]
[EventDate "2018.??.??"]
[SourceDate "2018.10.06"]

1. d4 d6 2. c4 e5 3. dxe5 dxe5 4. Qxd8+ Kxd8 5. e3 Be6 6. Bd2 Nd7 7. Bc3 c6 8.
Nd2 Kc7 9. Ngf3 f6 10. O-O-O Ne7 11. Be2 Nc8 12. b3 a5 13. a4 Nc5 14. Ne1 Nd6
15. f3 Nf5 16. Nc2 Be7 17. e4 Nd6 18. Kb2 Rhb8 19. Ra1 b6 20. Ne3 Rd8 21. Kc2
Ndb7 22. Rhd1 Na6 23. Ndf1 Bc5 24. Rxd8 Rxd8 25. Rd1 Bd4 26. Kb2 Nb4 27. Nc2
Nxc2 28. Kxc2 Nc5 29. Bxd4 1/2-1/2

[Event "SC Rochade Emsdetten 3 - SC Falke Saerb"]
[Site "Verbandsklasse 2018/2019"]
[Date "2018.11.17"]
[Round "3.7"]
[White "Bartsch, Jan"]
[Black "Wessendorf, Klaus"]
[Result "1-0"]
[WhiteElo "1729"]
[BlackElo "1624"]
[PlyCount "37"]
[EventDate "2018.??.??"]
[SourceDate "2018.10.06"]

1. b3 c5 2. Bb2 Nf6 3. e3 d5 4. Nf3 Bf5 5. d4 e6 6. Bd3 Bxd3 7. cxd3 Nc6 8. O-O
cxd4 9. Nxd4 Rc8 10. Nd2 Bb4 11. a3 Bd6 12. N2f3 a6 13. Rc1 Nxd4 14. Nxd4 Rxc1
15. Qxc1 Bxh2+ 16. Kxh2 Ng4+ 17. Kg1 Qh4 18. Nf3 Qd8 19. Qc5 1-0

[Event "SC Rochade Emsdetten 3 - SC Falke Saerb"]
[Site "Verbandsklasse 2018/2019"]
[Date "2018.11.17"]
[Round "3.8"]
[White "Hillen, Thomas"]
[Black "Bartsch, Rainer"]
[Result "1/2-1/2"]
[WhiteElo "1438"]
[BlackElo "1741"]
[PlyCount "35"]
[EventDate "2018.??.??"]
[SourceDate "2018.10.06"]

1. Nf3 d5 2. d4 Nf6 3. Bf4 Nbd7 4. e3 c6 5. Bd3 g6 6. O-O Bg7 7. c4 O-O 8. h3
Re8 9. Nbd2 Nh5 10. Bh2 f5 11. cxd5 cxd5 12. Bb5 e6 13. Rc1 a6 14. Qa4 Nb6 15.
Bc7 Nxa4 16. Bxd8 Rxd8 17. Bxa4 b5 18. Bb3 1/2-1/2

[Event "Schach Nienberge 2 - SF Beelen 2"]
[Site "Verbandsklasse 2018/2019"]
[Date "2018.11.17"]
[Round "3.1"]
[White "Fuisting, Dominik"]
[Black "Wetterau, Georg"]
[Result "1/2-1/2"]
[WhiteElo "1816"]
[BlackElo "1804"]
[PlyCount "93"]
[EventDate "2018.??.??"]
[SourceDate "2018.10.06"]

1. d4 Nf6 2. e3 g6 3. Bd3 Bg7 4. f4 d6 5. Nf3 O-O 6. O-O c6 7. e4 Ne8 8. f5 e5
9. fxg6 fxg6 10. dxe5 Qb6+ 11. Kh1 dxe5 12. Bc4+ Kh8 13. Ng5 Rxf1+ 14. Qxf1 Nd6
15. Nf7+ Nxf7 16. Qxf7 Qd8 17. Nc3 Qf8 18. Qxf8+ Bxf8 19. Bg5 Bg7 20. Rd1 Bd7
21. Rd6 b5 22. Nxb5 cxb5 23. Bd5 h6 24. Bxa8 hxg5 25. Rxg6 g4 26. Bd5 Kh7 27.
Rd6 b4 28. Be6 Bxe6 29. Rxe6 Nd7 30. Rc6 Nf6 31. Rc4 a5 32. Kg1 Bh6 33. Kf1 Bc1
34. c3 Bxb2 35. cxb4 axb4 36. Rxb4 Bd4 37. a4 Nxe4 38. a5 g3 39. h3 Nc3 40. a6
Nd5 41. a7 Ne3+ 42. Kg1 Bxa7 43. Rb7+ Kg6 44. Rxa7 Kf5 45. Ra3 Kf4 46. h4 e4
47. h5 1/2-1/2

[Event "Schach Nienberge 2 - SF Beelen 2"]
[Site "Verbandsklasse 2018/2019"]
[Date "2018.11.17"]
[Round "3.2"]
[White "Schulte Austum, Frank"]
[Black "Waeltermann, Thomas"]
[Result "1/2-1/2"]
[WhiteElo "1738"]
[BlackElo "1747"]
[PlyCount "34"]
[EventDate "2018.??.??"]
[SourceDate "2018.10.06"]

1. d4 Nf6 2. Nf3 g6 3. Bg5 Bg7 4. Nbd2 d6 5. e4 O-O 6. Bc4 c5 7. dxc5 dxc5 8.
Qe2 Nc6 9. c3 Qc7 10. h3 a6 11. a4 Nd7 12. Qe3 b6 13. Bh6 Nde5 14. Nxe5 Nxe5
15. Bxg7 Kxg7 16. Bd5 Bb7 17. Bxb7 Qxb7 1/2-1/2

[Event "Schach Nienberge 2 - SF Beelen 2"]
[Site "Verbandsklasse 2018/2019"]
[Date "2018.11.17"]
[Round "3.3"]
[White "Hanewinkel, Christian"]
[Black "Kluczka, Konrad"]
[Result "0-1"]
[WhiteElo "1702"]
[BlackElo "1776"]
[PlyCount "84"]
[EventDate "2018.??.??"]
[SourceDate "2018.10.06"]

1. d4 d5 2. c4 e6 3. Nc3 Nf6 4. Nf3 Be7 5. cxd5 exd5 6. Bg5 h6 7. Bh4 c6 8. e3
O-O 9. Qc2 Nbd7 10. Bd3 Re8 11. O-O Ne4 12. Bg3 Nxg3 13. hxg3 Bd6 14. e4 dxe4
15. Nxe4 Nf6 16. Rfe1 Nxe4 17. Bxe4 Be6 18. Re3 Qa5 19. a3 Rad8 20. Rae1 Kf8
21. b4 Qh5 22. Nh4 Bd5 23. Bf3 Qg5 24. Qh7 Rxe3 25. Rxe3 Be6 26. Be4 Ke7 27. f4
Bxf4 28. gxf4 Qxh4 29. Qxg7 Qxf4 30. Re1 Qg5 31. Qe5 Qxe5 32. dxe5 Bd5 33. Bf5
Rg8 34. Re2 Rg3 35. Bc8 b6 36. Bb7 Rxa3 37. b5 Rc3 38. Rd2 Rc5 39. bxc6 Bxc6
40. Bc8 Rxe5 41. Ra2 a5 42. Rb2 b5 0-1

[Event "Schach Nienberge 2 - SF Beelen 2"]
[Site "Verbandsklasse 2018/2019"]
[Date "2018.11.17"]
[Round "3.4"]
[White "Scharlow, Siegmar"]
[Black "Beckmann, Frank"]
[Result "1/2-1/2"]
[WhiteElo "1689"]
[BlackElo "1746"]
[PlyCount "35"]
[EventDate "2018.??.??"]
[SourceDate "2018.10.06"]

1. d4 d5 2. c4 c6 3. Nc3 Nf6 4. Bg5 e6 5. cxd5 cxd5 6. e3 Be7 7. Nf3 Nc6 8. Bd3
Bd7 9. O-O O-O 10. h3 a6 11. a3 Rc8 12. Rc1 Na5 13. Ne5 h6 14. Bf4 b5 15. b4
Nc4 16. Nxc4 bxc4 17. Bc2 a5 18. Rb1 1/2-1/2

[Event "Schach Nienberge 2 - SF Beelen 2"]
[Site "Verbandsklasse 2018/2019"]
[Date "2018.11.17"]
[Round "3.5"]
[White "Hofene, Markus"]
[Black "Hagemann, Lars"]
[Result "0-1"]
[WhiteElo "1669"]
[BlackElo "1683"]
[PlyCount "114"]
[EventDate "2018.??.??"]
[SourceDate "2018.10.06"]

1. e4 c5 2. b3 Nc6 3. Bb5 e6 4. Nf3 d6 5. d4 cxd4 6. Bxc6+ bxc6 7. Qxd4 e5 8.
Qd3 Nf6 9. O-O h6 10. c4 Ba6 11. Nc3 Be7 12. Rd1 O-O 13. Qc2 Qc7 14. Be3 Bb7
15. Rac1 Ng4 16. Qe2 Nxe3 17. Qxe3 Qa5 18. c5 Rad8 19. cxd6 Bxd6 20. Nd2 Ba3
21. b4 Qa6 22. b5 cxb5 23. Rb1 b4 24. Nd5 Bxd5 25. exd5 Rxd5 26. Nf3 Qd6 27.
Rxd5 Qxd5 28. Qb3 Qxb3 29. axb3 f6 30. Kf1 Rc8 31. Ke1 Rc1+ 32. Rxc1 Bxc1 33.
Kd1 Bb2 34. Kc2 Bc3 35. g3 e4 36. Nh4 Kf7 37. Nf5 Be5 38. Kd2 h5 39. Ke3 g6 40.
Nd4 Bxd4+ 41. Kxd4 Ke6 42. Kxe4 Kd6 43. Kd4 a5 44. Kc4 Kc6 45. h3 f5 46. h4 Kb6
47. f3 Kc6 48. Kd4 Kb5 49. Ke5 a4 50. bxa4+ Kxa4 51. Kf6 b3 52. Kxg6 b2 53.
Kxh5 b1=Q 54. Kg5 Qb5 55. f4 Qd3 56. h5 Qxg3+ 57. Kxf5 Qg7 0-1

[Event "Schach Nienberge 2 - SF Beelen 2"]
[Site "Verbandsklasse 2018/2019"]
[Date "2018.11.17"]
[Round "3.6"]
[White "Van de Vyle, Jan"]
[Black "Grothues, Fabian"]
[Result "1-0"]
[WhiteElo "1752"]
[BlackElo "1597"]
[PlyCount "105"]
[EventDate "2018.??.??"]
[SourceDate "2018.10.06"]

1. e4 d5 2. exd5 Qxd5 3. Nf3 Bg4 4. Be2 Nf6 5. c4 Qa5 6. O-O Nbd7 7. d4 c6 8.
Bf4 e6 9. Nc3 Be7 10. h3 Bh5 11. a3 O-O 12. Ne5 Nxe5 13. dxe5 Bxe2 14. Qxe2 Nd7
15. b4 Qc7 16. Rfe1 Rfd8 17. Qg4 Bf8 18. Qg3 Nb6 19. c5 Nd5 20. Bg5 Be7 21. Bh6
Bf8 22. Ne4 Ne7 23. Bg5 Kh8 24. Nd6 Rd7 25. Nxf7+ Kg8 26. Nd6 Nd5 27. Qg4 Bxd6
28. exd6 Qc8 29. Qxe6+ Kh8 30. Rad1 h6 31. Bc1 a5 32. Bd2 axb4 33. axb4 Ra4 34.
Rb1 Qd8 35. b5 Nf6 36. bxc6 bxc6 37. Bc3 Nd5 38. Bd2 Rc4 39. Rbc1 Rd4 40. Rc2
Kh7 41. Qe8 Qxe8 42. Rxe8 Nf6 43. Rc8 Ne4 44. Be3 Rd1+ 45. Kh2 Ra7 46. f3 Nf6
47. Rxc6 Raa1 48. g4 Nd5 49. Re2 g5 50. Bf2 Rh1+ 51. Kg3 Nf4 52. Re7+ Kg6 53.
d7+ 1-0

[Event "Schach Nienberge 2 - SF Beelen 2"]
[Site "Verbandsklasse 2018/2019"]
[Date "2018.11.17"]
[Round "3.7"]
[White "Radinger, Rudolf"]
[Black "Joergensmann, Rolf"]
[Result "1/2-1/2"]
[WhiteElo "1538"]
[BlackElo "1629"]
[PlyCount "43"]
[EventDate "2018.??.??"]
[SourceDate "2018.10.06"]

1. Nf3 Nf6 2. c4 e6 3. Nc3 d5 4. d4 Be7 5. Bf4 O-O 6. e3 Nbd7 7. a3 a6 8. Rc1
c5 9. cxd5 Nxd5 10. Nxd5 exd5 11. Bd3 c4 12. Bb1 Qa5+ 13. Qd2 Qxd2+ 14. Nxd2 b5
15. O-O Nf6 16. Nf3 Bb7 17. Ne5 Bd6 18. Ng6 hxg6 19. Bxd6 Rfe8 20. Rfe1 Ne4 21.
Bxe4 dxe4 22. Rc3 1/2-1/2

[Event "Schach Nienberge 2 - SF Beelen 2"]
[Site "Verbandsklasse 2018/2019"]
[Date "2018.11.17"]
[Round "3.8"]
[White "Koesters, Michael"]
[Black "Gaebler, Marcel"]
[Result "1/2-1/2"]
[WhiteElo "1550"]
[BlackElo "1588"]
[PlyCount "56"]
[EventDate "2018.??.??"]
[SourceDate "2018.10.06"]

1. d4 Nf6 2. Bf4 e6 3. e3 Be7 4. Bd3 d5 5. Nf3 Nbd7 6. Nbd2 c5 7. c3 Nh5 8. Bg3
Nxg3 9. hxg3 h6 10. Qe2 c4 11. Bc2 b5 12. a3 a5 13. e4 Bb7 14. exd5 Bxd5 15.
Rh2 Bd6 16. Ne4 Be7 17. Ned2 Nf6 18. Ne5 Bd6 19. f4 Bxe5 20. fxe5 Nh7 21. Ne4
Bxe4 22. Bxe4 Rc8 23. Bxh7 Rxh7 24. Qg4 Qd5 25. Qf3 Ke7 26. O-O-O Rf8 27. Qg4
Qb7 28. Qe2 Qd5 1/2-1/2

[Event "SC Klein-Berlin Rheine 2 - SC Hiltrup 1"]
[Site "Verbandsklasse 2018/2019"]
[Date "2018.11.17"]
[Round "3.1"]
[White "Kammers, Heribert"]
[Black "Ratert, Matthias"]
[Result "1-0"]
[WhiteElo "1993"]
[BlackElo "1878"]
[PlyCount "97"]
[EventDate "2018.??.??"]
[SourceDate "2018.10.06"]

1. d4 Nf6 2. Nf3 g6 3. c4 Bg7 4. e3 O-O 5. Be2 d5 6. cxd5 Bf5 7. Qb3 Qxd5 8.
Bc4 Qa5+ 9. Bd2 Qb6 10. O-O Qxb3 11. Bxb3 Ne4 12. Nc3 Nxc3 13. Bxc3 Nd7 14.
Rac1 c6 15. Rfd1 e6 16. Nd2 Bd3 17. Bb4 Rfc8 18. Bc4 Bxc4 19. Nxc4 Bf8 20. Bxf8
Kxf8 21. Na5 Rab8 22. b4 Nb6 23. e4 a6 24. f3 Rd8 25. Kf2 Ke7 26. Ke3 f5 27.
Nb3 Nd7 28. a4 Rdc8 29. g4 fxg4 30. fxg4 b5 31. a5 e5 32. Nc5 exd4+ 33. Rxd4
Nxc5 34. Rxc5 Rb7 35. e5 Rd7 36. h4 h6 37. h5 g5 38. Rc2 Rxd4 39. Kxd4 Rf8 40.
Rxc6 Rf4+ 41. Kd5 Rxb4 42. Rxh6 Rxg4 43. Rxa6 Rh4 44. h6 b4 45. h7 Kf8 46.
h8=Q+ Rxh8 47. Ra8+ Kg7 48. Rxh8 Kxh8 49. a6 1-0

[Event "SC Klein-Berlin Rheine 2 - SC Hiltrup 1"]
[Site "Verbandsklasse 2018/2019"]
[Date "2018.11.17"]
[Round "3.2"]
[White "Hauk, Viktoria"]
[Black "Junk, Phillip"]
[Result "1/2-1/2"]
[WhiteElo "1862"]
[BlackElo "1969"]
[PlyCount "51"]
[EventDate "2018.??.??"]
[SourceDate "2018.10.06"]

1. d4 d5 2. c4 e6 3. Nc3 c5 4. e3 cxd4 5. exd4 dxc4 6. Bxc4 Nf6 7. Nf3 Be7 8.
O-O Nbd7 9. d5 exd5 10. Nxd5 Nxd5 11. Qxd5 O-O 12. Rd1 Qc7 13. Bb3 Nc5 14. Nd4
Nxb3 15. Qxb3 Bf6 16. Be3 Qa5 17. h3 b6 18. Nc6 Qf5 19. Bd4 Bb7 20. Bxf6 Qxf6
21. Nd4 Rfd8 22. Ne2 Qg6 23. Ng3 Qc6 24. f3 Rxd1+ 25. Rxd1 Qc7 26. Qd3 1/2-1/2

[Event "SC Klein-Berlin Rheine 2 - SC Hiltrup 1"]
[Site "Verbandsklasse 2018/2019"]
[Date "2018.11.17"]
[Round "3.3"]
[White "Voigt, Stefan"]
[Black "Van Dijk, Guido"]
[Result "1/2-1/2"]
[WhiteElo "1764"]
[BlackElo "1769"]
[PlyCount "55"]
[EventDate "2018.??.??"]
[SourceDate "2018.10.06"]

1. e4 c6 2. d4 d5 3. e5 Bf5 4. h4 h5 5. Bd3 Bxd3 6. Qxd3 e6 7. Bg5 Be7 8. Nf3
Qb6 9. Nbd2 Bxg5 10. Nxg5 Ne7 11. O-O Nf5 12. Ndf3 Qd8 13. g3 Nd7 14. Rfe1 Qe7
15. a3 a6 16. b3 Nf8 17. c4 Ng6 18. cxd5 cxd5 19. Rec1 O-O 20. Rc3 Rfc8 21. Qc2
Rxc3 22. Qxc3 f6 23. exf6 gxf6 24. Nh3 Qd6 25. Ne1 Kf7 26. Ng2 Rg8 27. Kh1 Nge7
28. Nhf4 1/2-1/2

[Event "SC Klein-Berlin Rheine 2 - SC Hiltrup 1"]
[Site "Verbandsklasse 2018/2019"]
[Date "2018.11.17"]
[Round "3.4"]
[White "Brinkmann, Franz Josef"]
[Black "Wiltschut, Arne"]
[Result "0-1"]
[WhiteElo "1754"]
[BlackElo "1808"]
[PlyCount "118"]
[EventDate "2018.??.??"]
[SourceDate "2018.10.06"]

1. e4 e6 2. g3 d5 3. Bg2 c5 4. d4 dxe4 5. Bxe4 Nf6 6. Bg2 cxd4 7. c3 dxc3 8.
Qxd8+ Kxd8 9. Nxc3 Bb4 10. Nge2 Nc6 11. O-O Ke7 12. Be3 Ng4 13. Bd2 Rd8 14.
Rad1 Bd7 15. h3 Nf6 16. Be3 Kf8 17. a3 Be7 18. Nb5 Na5 19. Nec3 Bc6 20. Nd4
Bxg2 21. Kxg2 Nc4 22. Bc1 Rac8 23. g4 Nxa3 24. g5 Ne8 25. f4 Nc4 26. f5 e5 27.
Nf3 f6 28. h4 Ned6 29. Nh2 b5 30. Nd5 Nb6 31. Nxe7 Kxe7 32. Ng4 Rc2+ 33. Kh3
Na4 34. gxf6+ gxf6 35. Nxf6 Nxb2 36. Nd5+ Kf7 37. Rde1 Nd3 38. Bg5 Rdc8 39. Re3
Nf2+ 40. Kg3 Nxf5+ 41. Kf3 Nxe3 42. Nxe3 R8c3 43. Rxf2 Rxf2+ 44. Kxf2 Ke6 45.
Ke2 e4 46. Kd2 b4 47. Nc2 Rd3+ 48. Kc1 a5 49. Ne1 Rh3 50. Nc2 b3 51. Nd4+ Kd5
52. Nb5 a4 53. Kb2 Kc4 54. Nd6+ Kd3 55. Nb7 Rh2+ 56. Kb1 a3 57. Nc5+ Kc4 58.
Nxe4 a2+ 59. Ka1 Rh1+ 0-1

[Event "SC Klein-Berlin Rheine 2 - SC Hiltrup 1"]
[Site "Verbandsklasse 2018/2019"]
[Date "2018.11.17"]
[Round "3.5"]
[White "Junk, Andreas"]
[Black "Miethe, Christoph"]
[Result "1/2-1/2"]
[WhiteElo "1748"]
[BlackElo "1747"]
[PlyCount "91"]
[EventDate "2018.??.??"]
[SourceDate "2018.10.06"]

1. e4 e5 2. Nf3 Nf6 3. d3 d6 4. Nbd2 Be7 5. g3 Nc6 6. Bg2 h6 7. O-O O-O 8. a4
Bg4 9. h3 Be6 10. Nc4 Qd7 11. Kh2 Nxe4 12. Ncxe5 dxe5 13. dxe4 Qxd1 14. Rxd1
Bc5 15. Kg1 Rad8 16. Bd2 f6 17. Bc3 Bb4 18. Bd2 Bxd2 19. Nxd2 b6 20. Bf1 a5 21.
c3 Kh7 22. Nc4 Ne7 23. Ne3 Bb3 24. Rxd8 Rxd8 25. Bc4 Bxc4 26. Nxc4 Kg6 27. Kf1
Kf7 28. Ke2 Ke6 29. Rd1 Rxd1 30. Kxd1 Nc8 31. Kd2 Nd6 32. Kd3 Nxc4 33. Kxc4 c6
34. g4 g6 35. f3 g5 36. b3 Kd6 37. b4 axb4 38. cxb4 Kc7 39. Kc3 Kb7 40. Kc4 Kc7
41. Kd3 Kb7 42. Kc3 Kb8 43. a5 Kb7 44. axb6 Ka6 45. Kb3 Kb7 46. Kc3 1/2-1/2

[Event "SC Klein-Berlin Rheine 2 - SC Hiltrup 1"]
[Site "Verbandsklasse 2018/2019"]
[Date "2018.11.17"]
[Round "3.6"]
[White "Horstmann, Michael"]
[Black "Haves, Daniel"]
[Result "1-0"]
[WhiteElo "1670"]
[BlackElo "1618"]
[PlyCount "81"]
[EventDate "2018.??.??"]
[SourceDate "2018.10.06"]

1. c4 d6 2. Nc3 e5 3. g3 Nf6 4. Bg2 Be7 5. Nf3 c6 6. O-O O-O 7. d3 Nbd7 8. Rb1
a5 9. a3 Nc5 10. b4 Ne6 11. b5 Qd7 12. Na4 Bd8 13. bxc6 bxc6 14. Be3 Ra6 15. h3
Bc7 16. Qc2 Rd8 17. Rfc1 d5 18. Ng5 d4 19. Bd2 Qe7 20. Nxe6 Bxe6 21. Bg5 Bd7
22. c5 h6 23. Bxf6 Qxf6 24. Rb7 Rc8 25. Rcb1 Be6 26. Nb6 Bxb6 27. R1xb6 Rxb6
28. Rxb6 Qd8 29. Rxc6 Bxh3 30. Rxc8 Bxc8 31. Qc4 Be6 32. Qb5 h5 33. c6 Qd6 34.
Qxa5 f5 35. c7 Bc8 36. Qa7 Kf8 37. Qb8 Qa6 38. Qb4+ Ke8 39. Qc5 e4 40. Qxd4
Qxa3 41. Qd8+ 1-0

[Event "SC Klein-Berlin Rheine 2 - SC Hiltrup 1"]
[Site "Verbandsklasse 2018/2019"]
[Date "2018.11.17"]
[Round "3.7"]
[White "Buchholz, Christian"]
[Black "Huesmann, Stephan"]
[Result "1-0"]
[WhiteElo "1612"]
[BlackElo "1674"]
[PlyCount "109"]
[EventDate "2018.??.??"]
[SourceDate "2018.10.06"]

1. e4 e6 2. d4 d5 3. Nc3 Nf6 4. Bg5 Bb4 5. e5 h6 6. exf6 hxg5 7. fxg7 Rg8 8.
Qh5 Qf6 9. Nf3 Qxg7 10. O-O-O g4 11. Ne5 Bxc3 12. bxc3 Qg5+ 13. Qxg5 Rxg5 14.
f3 gxf3 15. Nxf3 Rg7 16. h4 Nd7 17. h5 Nf8 18. h6 Rg8 19. g4 Bd7 20. g5 Ke7 21.
h7 Rh8 22. Bd3 c5 23. dxc5 Rc8 24. Ne5 Rxc5 25. Rdf1 Be8 26. g6 Nxg6 27. Bxg6
fxg6 28. Rh6 Rxc3 29. Rg1 Re3 30. Rgxg6 Rxe5 31. Rg8 Rxh7 32. Rxh7+ Bf7 33. Rb8
Re2 34. Rxb7+ Kd6 35. Rhxf7 Ke5 36. Rxa7 Ke4 37. Kd1 Rh2 38. Rf1 Kd4 39. Ra3 e5
40. Rb3 e4 41. Re1 Ke5 42. a4 d4 43. a5 e3 44. a6 Rh7 45. Rb7 Rh6 46. a7 Ra6
47. Ke2 Ke4 48. Re7+ Kd5 49. Rb1 Ra2 50. Kd3 Kd6 51. Re4 Kc5 52. Rxd4 e2 53.
Rc4+ Kd5 54. Rb5+ Kd6 55. Kxe2 1-0

[Event "SC Klein-Berlin Rheine 2 - SC Hiltrup 1"]
[Site "Verbandsklasse 2018/2019"]
[Date "2018.11.17"]
[Round "3.8"]
[White "Engfer, Klaus"]
[Black "May, Peter"]
[Result "0-1"]
[WhiteElo "1595"]
[BlackElo "1558"]
[PlyCount "68"]
[EventDate "2018.??.??"]
[SourceDate "2018.10.06"]

1. e4 e5 2. Nf3 Nf6 3. d3 Nc6 4. Be2 Bc5 5. O-O d6 6. Bg5 Be6 7. c4 h6 8. Bh4
Qd7 9. Bxf6 gxf6 10. Nc3 Rg8 11. Nd5 Bxd5 12. cxd5 Nd4 13. Nxd4 Bxd4 14. Kh1
O-O-O 15. h3 Kb8 16. Bg4 Qe7 17. Qc2 Rg5 18. f4 Rg7 19. f5 Rg5 20. a4 Rdg8 21.
a5 Qd8 22. a6 Rxg4 23. hxg4 Rxg4 24. Rf3 Qg8 25. Rh3 Qg5 26. Rc1 Bb6 27. Rf1
Rf4 28. Qe2 Rh4 29. Qf3 Rf4 30. Qe2 Rh4 31. Rff3 Rxh3+ 32. Rxh3 Qc1+ 33. Kh2
Bg1+ 34. Kh1 Bf2+ 0-1

[Event "SV Ibbenbüren 1 - Südlohner SV 2"]
[Site "Verbandsklasse 2018/2019"]
[Date "2018.11.17"]
[Round "3.1"]
[White "Emming, Benedikt"]
[Black "Voskuhl, Jens"]
[Result "1-0"]
[WhiteElo "1825"]
[BlackElo "1914"]
[PlyCount "48"]
[EventDate "2018.??.??"]
[SourceDate "2018.10.06"]

1. e4 d5 2. exd5 Qxd5 3. Nc3 Qa5 4. d3 Nf6 5. Be2 Bf5 6. Nf3 Nc6 7. Be3 O-O-O
8. Qd2 e5 9. O-O Bc5 10. a3 Rhe8 11. b4 Bxe3 12. fxe3 Qb6 13. d4 a6 14. d5 Ne4
15. Nxe4 Bxe4 16. c4 Ne7 17. Ng5 Qg6 18. Nxe4 Qxe4 19. Bd3 Qh4 20. Rxf7 e4 21.
Rf4 Qg5 22. Bxe4 Qe5 23. Raf1 c6 24. Rd1 g5 1-0

[Event "SV Ibbenbüren 1 - Südlohner SV 2"]
[Site "Verbandsklasse 2018/2019"]
[Date "2018.11.17"]
[Round "3.2"]
[White "Welp, Michael"]
[Black "Schmeing, Walter"]
[Result "1/2-1/2"]
[WhiteElo "1872"]
[BlackElo "1976"]
[PlyCount "48"]
[EventDate "2018.??.??"]
[SourceDate "2018.10.06"]

1. e4 e5 2. d4 exd4 3. Qxd4 d6 4. Nc3 Nf6 5. Bg5 Be7 6. Nf3 Nc6 7. Qd2 Bg4 8.
Be2 Qd7 9. O-O-O a6 10. Rhe1 O-O-O 11. h3 Bxf3 12. Bxf3 Kb8 13. Nd5 Nxd5 14.
exd5 Ne5 15. Bxe7 Qxe7 16. Re3 Nxf3 17. Rxe7 Nxd2 18. Kxd2 Rhf8 19. Rde1 Kc8
20. Ke3 Rde8 21. Kf4 Rxe7 22. Rxe7 Kd8 23. Re3 Kd7 24. g4 Rc8 1/2-1/2

[Event "SV Ibbenbüren 1 - Südlohner SV 2"]
[Site "Verbandsklasse 2018/2019"]
[Date "2018.11.17"]
[Round "3.3"]
[White "Richters, Alfred"]
[Black "Kellmann, Dominik"]
[Result "1/2-1/2"]
[WhiteElo "1839"]
[BlackElo "1777"]
[PlyCount "37"]
[EventDate "2018.??.??"]
[SourceDate "2018.10.06"]

1. d4 Nf6 2. Nc3 d5 3. Bg5 h6 4. Bh4 Bf5 5. f3 g5 6. Bf2 Nc6 7. a3 Qd7 8. e3
Bg7 9. Nge2 e5 10. Ng3 O-O-O 11. Qd2 exd4 12. exd4 Rde8+ 13. Be2 g4 14. O-O-O
a6 15. Nxf5 Qxf5 16. Bd3 Qh5 17. Qf4 gxf3 18. gxf3 Qg5 19. Bf5+ 1/2-1/2